Visiones y misiones de la capacitación judicial /

Guardado en:
Autores Corporativos: Consejo de la Magistratura de la Ciudad de Buenos Aires., Centro de Formación Judicial.
Formato: Libro
Idioma:Spanish
Publicado: Ciudad Autónoma de Buenos Aires : Jusbaires, 2017.
Edición:1a. ed.
Series:Colección CFJ
Materias:
Etiquetas: Agregar Etiqueta
Sin Etiquetas, Sea el primero en etiquetar este registro!
LEADER 00869nam a22002295a 4500
001 DER.der013722
008 181019s2017####ag############000#0#spa#d
005 20241004134247.0
245 1 0 |a Visiones y misiones de la capacitación judicial /  |c Consejo de la Magistratura de la Ciudad de Buenos Aires. 
250 |a 1a. ed. 
260 |a Ciudad Autónoma de Buenos Aires :  |b Jusbaires,  |c 2017. 
300 |a 114 p. 
490 0 |a Colección CFJ 
020 |a 9789874057877 
110 2 |a Consejo de la Magistratura de la Ciudad de Buenos Aires. 
710 2 |a Centro de Formación Judicial. 
650 7 |a ENCUESTAS DE OPINION 
650 7 |a CAPACITACION PROFESIONAL 
859 |a DERECHO  |b BIB. DERECHO  |h 340.1  |i VIS  |p 00125896 
859 |a DERECHO  |b BIB. DERECHO  |h 340.1  |i CON  |p 008782 
859 |a DERECHO  |b BIB. DERECHO  |h 340.1  |i CON  |p 008784 
859 |a DERECHO  |b BIB. DERECHO  |h 340.1  |i CON  |p 008783